000 00536nam a2200181Ia 4500
008 151202s9999||||xx |||||||||||||| ||und||
082 _bPNVM-45753
100 _aदेसाई विनया.
245 _aरंगतरंग.
260 _bअनुबंा प्रकाशन पुणे.
260 _c2004
300 _a176
600 _aदेसाई विनया.
630 _aरंगतरंग.
700 _aदेसाई विनया.
730 _aरंगतरंग.
942 _cBOOK
999 _c1311704
_d1311701